Currencies Quiz - Statistics

General Stats
  • This quiz has been taken 22 times
  • The average score is 8 of 15
Answer Stats
Countries Currencies % Correct
USA Dollar
94%
Britain Pound
94%
India Rupee
89%
Bahrain Dinar
67%
Korea Won
67%
Iran Rial
56%
Kenya Shilling
50%
Afghanistan Afghan
44%
UAE Dirham
44%
Qatar Riyal
44%
Singapore Singaporean Dollar
33%
Kazakhstan Tenge
28%
Kuwait Kuwaiti Dinar
22%
Myanmar Kyat
22%
Maldives Rufiyaa
11%
No matching quizzes found
Score Distribution
Percent of People with Each Score
Percentile by Number Answered
Your Score History
You have not taken this quiz